| 000 | 00970cac a22002651u 4500 | ||
|---|---|---|---|
| 008 | 080831t2005 xxu|||||r|||| 00| 0 eng d | ||
| 010 | _a 2003116665 | ||
| 020 | _a0072890428 | ||
| 035 | _a(DLC) 2003116665 | ||
| 082 | 0 | 4 |
_a658.4038011 _bOBR _222 |
| 100 |
_aO'Brien, James A., _920948 |
||
| 245 | 1 | 0 |
_aIntroduction to Information Systems / _cJames A. O'Brien. |
| 250 | _a12th ed. | ||
| 260 |
_aBoston : _bMcGraw-Hill/Irwin, 2005 _cc2005. |
||
| 300 |
_a1 v. (various pagings) : _bcol. ill. ; _c29 cm. + _e1 CD-ROM (4 3/4 in.) |
||
| 500 | _a"Registration code" inserted. | ||
| 650 | 0 |
_aBusiness _xData processing. _920949 _2BUEsh |
|
| 650 | 0 |
_aManagement _xData processing. _920950 _2BUEsh |
|
| 650 | 0 |
_aManagement information systems. _920951 _2BUEsh |
|
| 650 | 0 |
_aElectronic commerce. _920952 _2BUEsh |
|
| 651 | _2BUEsh | ||
| 856 | 4 | 1 |
_3Table of contents _uhttp://www.loc.gov/catdir/toc/mh041/2003116665.html |
| 365 | _b135 LE | ||
| 942 |
_cBB _k658.4038 OBR _2ddc |
||
| 999 |
_c98 _d98 |
||